Statistics for Harry Potter Trivia - Prisoner of Azkaban

Click here to take the quiz!

General Stats

  • This quiz has been taken 244 times
  • The average score is 23 of 29

Answer Stats

HintAnswer% Correct
Who escaped from Azkaban?Sirius Black
98%
What are the guards of Azkaban?Dementors
97%
Who is the new Defense Against the Dark Arts professor?Remus Lupin
97%
Which student does Buckbeak the hippogriff attack after being insulted?Draco Malfoy
94%
What does Hermione name her cat?Crookshanks
92%
What creature is Lupin?A werewolf
91%
What did James and Lily make Sirius in relation to Harry?Godfather
91%
What village can Hogwarts students visit?Hogsmeade
90%
Who actually betrayed the Potters and is Scabbers in animal form?Peter Pettigrew
90%
What is Sirius Black's animagi form?A dog
89%
Who comes for a visit to the Dursley'sAunt Marge
89%
What does the boggart become for Lupin?Full moon
87%
Harry saw someone casting a patronus, saving everyone from the dementors. Who really casts it?Himself
87%
What does Trewanly see in Harry's teacup?The grim
84%
What was James Potter's animagi form?A stag
82%
What device does Hermione have, to be used to go back in time?Time-Turner
81%
Why is it belived he broke out of Azakaban?To kill Harry
81%
Who wrote all the passwords for Gryffindor tower and lost them?Neville Longbottom
79%
What tree was planted to hide the entrance to a tunnel?The Whomping Willow
78%
What anonymous gift does Harry receive at Christmas?A Firebolt
77%
What charm does Lupin begin to teach Harry?The Patronus charm
75%
What do you say to reveal the Maurauders Map?"{I} {solemnly} {swear} {that} {I} {am} {up} {to} {no} {good}"
69%
What is the name of the owl Sirius says Ron can keep?Pigwidgeon
69%
Who drives the Knight Bus?Ernest Prang
68%
Where is Sirius Black hiding?The Shrieking Shack
58%
What are we told the Potters made Sirius Black in order to hide from Voldemort?Their secret keeper
56%
When Sirius Black breaks into Gryffindor tower, which portrait replaces the Fat Lady?:Sir Cadogen
53%
What does the Boggart in the first DADA lesson become for Parvati Patil?A mummy
36%
What happens to Harry when dementors show up at the Quidditch match?He {faints} and {falls off his broom}
30%

Score Distribution

Percentile by Number Answered

Percent of People with Each Score

Your Score History

You have not taken this quiz